| 000 | 00568nam a2200217Ia 4500 | ||
|---|---|---|---|
| 005 | 20240301115259.0 | ||
| 008 | 131103s9999 xx 000 0 und d | ||
| 020 |
_a140208704 _c45 p. |
||
| 040 | _aLoreto College | ||
| 041 | _aEnglish | ||
| 082 |
_a371.2 _bAYE |
||
| 100 | _aAyerst,David | ||
| 245 |
_aUnderstanding Schools, _cDavid Ayerst |
||
| 260 |
_aHarmondsworth _bPenguin Books _c1972 |
||
| 300 | _a252 p. | ||
| 504 | _aIncludes index | ||
| 650 | _aSchools and their activities | ||
| 651 | _aSchool Administration | ||
| 850 | _aLCLIB | ||
| 942 | _cBK | ||
| 999 |
_c9073 _d59552 |
||